Tổng tập lược truyện các tể tướng trong lịch sử Trung Quốc

Сохранить в:
Библиографические подробности
Главный автор: Chu Thiệu Hầu
Формат:
Язык:Undetermined
Опубликовано: H. VHTT 2003
Предметы:
Метки: Добавить метку
Нет меток, Требуется 1-ая метка записи!
Thư viện lưu trữ: Trung tâm Học liệu Trường Đại học Cần Thơ
LEADER 00612nam a2200181Ia 4500
001 CTU_56665
008 210402s9999 xx 000 0 und d
020 |b 165 
082 |a 895.13081 
082 |b H125/T2 
100 |a Chu Thiệu Hầu 
245 0 |a Tổng tập lược truyện các tể tướng trong lịch sử Trung Quốc 
245 0 |c Chu Thiệu Hầu; Nguyễn Gia Phu và Nguyễn Danh Đạt biên dịch 
260 |a H. 
260 |b VHTT 
260 |c 2003 
650 |a historical fiction, chinese 
980 |a Trung tâm Học liệu Trường Đại học Cần Thơ